000 00516nam a22001455i 4500
001 171782
003 ES-MaACL
005 20230906214729.0
008 090601s1888 sp |||| | spa d
245 0 0 _aSesión de clausura de la Academia Teórico-Práctica de la Facultad de Derecho el 30 de abril de 1888.
260 _aGranada :
_b[s.n.,
_c1888?]
300 _a30 p. ;
_c20 cm.
710 2 _aAcademia Teórico-Práctica de la Facultad de Derecho (Universidad de Granada)
_9141698
852 _aES-MaACL
_jT-467-F-10
999 _c171782
_d171782